| 000 | 01040nam a22003377a 4500 | ||
|---|---|---|---|
| 001 | BR0804705 | ||
| 003 | BR-BrBNA | ||
| 005 | 20230928102638.0 | ||
| 007 | ta | ||
| 008 | 230509b bl.||||| |||| 00| 0 por d | ||
| 040 |
_aBR-BrBNA _bpor _cBiblioteca Nacional de Agricultura |
||
| 041 | _a(Por) | ||
| 072 |
_aU10; L20 _b6100 |
||
| 090 | _ 6100 BR0804705 | ||
| 100 | 1 | _aSilva, E. | |
| 110 | 1 |
_aUniversidade Federal de Lavras, MG (Brasil) _0Tese (Mestrado) |
|
| 245 | 1 | _aDesenvolvimento e validação de um modelo matemático para o cálculo da área superficial de frangos de corte | |
| 260 | 3 |
_aLavras, MG (Brasil): _c2007. |
|
| 300 | _a44 p. | ||
| 500 | _aSummaries (Eng, Por); Bibliography p. 39-44; 16 illus. | ||
| 650 | _aFRANGO DE CORTE | ||
| 650 | _aMODELO MATEMÁTICO | ||
| 650 | _aTEMPERATURA | ||
| 650 | _aINSTALAÇÃO PARA ANIMAL | ||
| 650 | _aBEM-ESTAR | ||
| 650 | _aCONTROLE TÉRMICO | ||
| 650 | _aECOLOGIA ANIMAL | ||
| 650 | _aCONDIÇÃO CORPORAL | ||
| 909 |
_a202309 _bLucia _c55 _dLucia Elande |
||
| 942 | _cBK | ||
| 999 |
_c71843 _d71843 |
||